Гидрогеоэкология городов: учебное пособие для вузов

Podrobná bibliografie
Hlavní autor: Орлов М. С. Михаил Сергеевич
Další autoři: Питьева К. Е. Клара Ефимовна
Shrnutí:В учебном пособии изложены теоретические, методические и прикладные вопросы относительно нового научного направления — гидрогеоэкологии, рассматривающего подземные воды в качестве компонента экосистем. В качестве примеров взяты Москва, Калуга и некоторые другие населенные пункты. Анализируются региональные, гидрогеодинамические и гидрогеохимические особенности сложившейся обстановки в городских поселениях, источники подтопления, истощения и загрязнения подземных вод. Исследуются негативные инженерно-геологические процессы, вызванные антропогенным воздействием на подземные воды. Предложены схемы мониторинга подземных вод, а также меры охраны, защиты и реабилитации подземных вод. Пособие предназначено для студентов и магистрантов, обучающихся по направлению «Геология».
Jazyk:ruština
Vydáno: Москва, Инфра-М, 2013
Edice:Высшее образование - Магистратура
Témata:
Médium: Kniha
KOHA link:https://koha.lib.tpu.ru/cgi-bin/koha/opac-detail.pl?biblionumber=236448

MARC

LEADER 00000nam0a2200000 4500
001 236448
005 20231101231455.0
010 |a 9785160060507 
035 |a (RuTPU)RU\TPU\book\257612 
090 |a 236448 
100 |a 20130424d2013 m y0rusy50 ca 
101 0 |a rus 
102 |a RU 
105 |a y j 001zy 
200 1 |a Гидрогеоэкология городов  |e учебное пособие для вузов  |f М. С. Орлов, К. Е. Питьева 
210 |a Москва  |c Инфра-М  |d 2013 
215 |a 287 с. 
225 1 |a Высшее образование - Магистратура 
320 |a Библиогр.: с. 284-285. 
330 |a В учебном пособии изложены теоретические, методические и прикладные вопросы относительно нового научного направления — гидрогеоэкологии, рассматривающего подземные воды в качестве компонента экосистем. В качестве примеров взяты Москва, Калуга и некоторые другие населенные пункты. Анализируются региональные, гидрогеодинамические и гидрогеохимические особенности сложившейся обстановки в городских поселениях, источники подтопления, истощения и загрязнения подземных вод. Исследуются негативные инженерно-геологические процессы, вызванные антропогенным воздействием на подземные воды. Предложены схемы мониторинга подземных вод, а также меры охраны, защиты и реабилитации подземных вод. Пособие предназначено для студентов и магистрантов, обучающихся по направлению «Геология». 
606 1 |a Города  |x Гидрологический режим  |x Значение антропического фактора  |2 stltpush  |3 (RuTPU)RU\TPU\subj\8281  |9 35736 
610 1 |a гидрогеоэкологическое состояние 
610 1 |a гидрогеоэкологические условия 
610 1 |a Москва 
610 1 |a Калужская область 
610 1 |a гидрогеоэкология 
610 1 |a гидрогеоэкологический мониторинг 
610 1 |a учебные пособия 
675 |a 556(075.8)  |v 3 
700 1 |a Орлов  |b М. С.  |g Михаил Сергеевич 
701 1 |a Питьева  |b К. Е.  |g Клара Ефимовна 
801 1 |a RU  |b 63413507  |c 20130424 
801 2 |a RU  |b 63413507  |c 20150702  |g RCR 
900 |a Гидрогеоэкология и мелиорация 
942 |c BK 
951 |b 020700 
955 |l 8 
959 |a 77/20130416  |d 5  |e 349,90  |f ЧЗТЛ:1  |f АНЛ:1  |f УФ:3